Windows operating system internals curriculum resource kit

Đã lưu trong:
書目詳細資料
主要作者: Solomon, David A.
格式: 圖書
語言:Undetermined
出版: Microsoft Corporation 2006
主題:
標簽: 添加標簽
沒有標簽, 成為第一個標記此記錄!
Thư viện lưu trữ: Trung tâm Học liệu Trường Đại học Cần Thơ
LEADER 00627nam a2200181Ia 4500
001 CTU_162272
008 210402s9999 xx 000 0 und d
082 |a 005.4 
082 |b S689/Vol.3 
100 |a Solomon, David A. 
245 0 |a Windows operating system internals curriculum resource kit 
245 0 |c David A. Solomon, Mark E. Russinovich, Andreas Polze 
260 |b Microsoft Corporation 
260 |c 2006 
650 |a Operating systems (Computers),Computer programming,Hệ điều hành máy tính 
650 |x Management 
910 |a Nguyên 
980 |a Trung tâm Học liệu Trường Đại học Cần Thơ